Pohoda chovných a výkrmových ošípaných - jeden z kľúčov ku chovateľskému úspechu

Bibliographic Details
Main Author: Poltársky, Ján (Author)
Format: Article
Language:Slovak
PhysicalDescription:Fotogr. 3
ISSN:1335-1990
Subjects:

MARC

LEADER 00000nab a2200000 a 4500
001 vtls000616304
003 SK-MaSNL
005 20260304093220.0
008 250425c1997 xo 0 slo
015 |a SNBRB19rr/mm-uuuuu 
035 |a CL0616443 
035 |a (urnnbn)urn:nbn:sk:snk:ar-006o2d 
035 |a (uuid)ae37a1e9-84ce-436a-bf2e-bd62fdc37348 
035 |a urn:nbn:sk:snk-ab86wq 
040 |a SNKBUCL  |b slo  |c SNKBUCL  |e AACR2 
041 0 |a slo 
044 |a xo  |c SK 
080 |a 636.4.083:591.5  |2 1981 
080 |a 591.5  |2 1981 
100 1 |a Poltársky, Ján  |4 aut  |9 5346 
245 1 0 |a Pohoda chovných a výkrmových ošípaných - jeden z kľúčov ku chovateľskému úspechu  |c Ján Poltársky 
300 |b Fotogr. 3 
650 0 7 |a ošípané  |2 snkbucl  |9 2795 
650 0 7 |a etológia  |2 snkbucl  |9 18564 
655 7 |a články z novín a časopisov  |2 snkbucl  |9 267496 
773 0 |t Slovenský chov  |g Roč. 2, č. 2 (1997), s. 18-19  |x 1335-1990 
850 |a Slovenská národná knižnica 
852 |a Slovenská národná knižnica 
954 |a odborná, vedecká literatúra pôvodná (slovenská)  |2 lita 
958 |a article9 
958 |a OND 
958 |a RK 
958 |a EUIPO 
999 |c 2822158  |d 2824088